<?xml version="1.0" encoding="UTF-8"?>
<record
    xmlns:xsi="http://www.w3.org/2001/XMLSchema-instance"
    xsi:schemaLocation="http://www.loc.gov/MARC21/slim http://www.loc.gov/standards/marcxml/schema/MARC21slim.xsd"
    xmlns="http://www.loc.gov/MARC21/slim">

  <leader>00747nam a22002297a 4500</leader>
  <controlfield tag="003">OSt</controlfield>
  <controlfield tag="005">20241111180302.0</controlfield>
  <controlfield tag="008">241111b        |||||||| |||| 00| 0 sp  d</controlfield>
  <datafield tag="020" ind1=" " ind2=" ">
    <subfield code="a">188693875X</subfield>
  </datafield>
  <datafield tag="040" ind1=" " ind2=" ">
    <subfield code="a">cunsuroc</subfield>
    <subfield code="b">esp</subfield>
    <subfield code="c">ana</subfield>
    <subfield code="d">ana</subfield>
  </datafield>
  <datafield tag="082" ind1=" " ind2=" ">
    <subfield code="2">1a. ed.</subfield>
    <subfield code="a">305.5 J37</subfield>
    <subfield code="b">1</subfield>
  </datafield>
  <datafield tag="100" ind1=" " ind2=" ">
    <subfield code="a">Jarqu&#xED;n, Edmundo (ed)</subfield>
    <subfield code="9">10550</subfield>
  </datafield>
  <datafield tag="245" ind1=" " ind2=" ">
    <subfield code="a">Programas sociales, pobreza y participaci&#xF3;n ciudadana.</subfield>
    <subfield code="c">G&#xE1;lvez Borrel, V&#xED;ctor</subfield>
    <subfield code="h">F&#xED;sico</subfield>
  </datafield>
  <datafield tag="250" ind1=" " ind2=" ">
    <subfield code="a">1a. ed. </subfield>
  </datafield>
  <datafield tag="260" ind1=" " ind2=" ">
    <subfield code="a">Washington, USA:</subfield>
    <subfield code="b">BID, </subfield>
    <subfield code="c">2000</subfield>
  </datafield>
  <datafield tag="300" ind1=" " ind2=" ">
    <subfield code="a">602p.</subfield>
    <subfield code="c">; 23cm.</subfield>
  </datafield>
  <datafield tag="365" ind1=" " ind2=" ">
    <subfield code="b">1</subfield>
    <subfield code="d">250.00</subfield>
    <subfield code="j">usa</subfield>
  </datafield>
  <datafield tag="650" ind1=" " ind2=" ">
    <subfield code="2">Desarrollo Sostenible</subfield>
  </datafield>
  <datafield tag="650" ind1=" " ind2=" ">
    <subfield code="2">Pobreza Participaci&#xF3;n Ciudadana</subfield>
  </datafield>
  <datafield tag="700" ind1=" " ind2=" ">
    <subfield code="a">Caldera, andr&#xE9;s,  edit</subfield>
    <subfield code="9">10551</subfield>
  </datafield>
  <datafield tag="942" ind1=" " ind2=" ">
    <subfield code="2">ddc</subfield>
    <subfield code="c">BK</subfield>
    <subfield code="e">1a. ed.</subfield>
    <subfield code="h">305.5 J37</subfield>
    <subfield code="n">0</subfield>
  </datafield>
  <datafield tag="999" ind1=" " ind2=" ">
    <subfield code="c">4125</subfield>
    <subfield code="d">4125</subfield>
  </datafield>
  <datafield tag="952" ind1=" " ind2=" ">
    <subfield code="0">0</subfield>
    <subfield code="1">0</subfield>
    <subfield code="2">ddc</subfield>
    <subfield code="4">0</subfield>
    <subfield code="7">0</subfield>
    <subfield code="8">NFIC</subfield>
    <subfield code="a">CUM</subfield>
    <subfield code="b">CUM</subfield>
    <subfield code="c">GEN</subfield>
    <subfield code="d">2024-11-11</subfield>
    <subfield code="e">donado</subfield>
    <subfield code="f">Estanter&#xED;a</subfield>
    <subfield code="g">250.00</subfield>
    <subfield code="i">5063</subfield>
    <subfield code="l">0</subfield>
    <subfield code="o">305.5 J37 1</subfield>
    <subfield code="p">56HB5063</subfield>
    <subfield code="r">2024-11-11 18:02:41</subfield>
    <subfield code="t">c. 1</subfield>
    <subfield code="w">2024-11-11</subfield>
    <subfield code="y">BK</subfield>
  </datafield>
</record>
